[Event "EIWCC 2003"]
[Site "?"]
[Date "2003.06.13"]
[Round "11.53"]
[White "Cinar, Nilufer"]
[Black "Keskin, Serap"]
[Result "1-0"]
[WhiteElo "2090"]
[BlackElo "2023"]
[PlyCount "93"]
[EventDate "2003.??.??"]

1. e4 c5 2. Nf3 e6 3. b3 d6 4. Bb2 Nf6 5. Bb5+ Bd7 6. Bxd7+ Qxd7 7. Qe2 Nc6 8.
d4 cxd4 9. Nxd4 Nxd4 10. Bxd4 e5 11. Bb2 Qc6 12. Nc3 Be7 13. O-O O-O 14. Rfd1
Rac8 15. a4 a6 16. Qd3 Rfd8 17. Rd2 Rd7 18. Rad1 Bd8 19. Re2 Bb6 20. Nd5 Nxd5
21. Qxd5 Re8 22. c4 a5 23. Bc3 Qc7 24. Red2 h6 25. Qb5 f6 26. Rd5 Red8 27. Bxa5
Bxa5 28. Qxa5 Qxa5 29. Rxa5 Kf7 30. Kf1 Ke6 31. Ke2 f5 32. exf5+ Kxf5 33. Rad5
Ke6 34. Ke3 Rc8 35. Kd3 Rc5 36. Kc3 Rxd5 37. Rxd5 Rf7 38. Rd2 Rf4 39. a5 Re4
40. b4 Re1 41. Kb2 Re4 42. Kb3 Re1 43. b5 Ra1 44. Ra2 Rb1+ 45. Kc2 Re1 46. a6
bxa6 47. bxa6 1-0

[Event "EIWCC 2003"]
[Site "?"]
[Date "2003.06.13"]
[Round "11.54"]
[White "Ozturk, Kubra"]
[Black "Lauterbach, Ingrid"]
[Result "1/2-1/2"]
[WhiteElo "1948"]
[BlackElo "2144"]
[PlyCount "110"]
[EventDate "2003.??.??"]

1. d4 d6 2. c4 e5 3. dxe5 dxe5 4. Qxd8+ Kxd8 5. Nc3 c6 6. Bd2 Be6 7. e3 f6 8.
O-O-O Kc7 9. Nf3 Nh6 10. h3 Nf7 11. Ne4 Nd7 12. Bc3 Be7 13. Be2 b6 14. Nfd2
Rhd8 15. Nb3 f5 16. Ned2 a5 17. Na1 Nc5 18. Nc2 Na4 19. Nb1 Nxc3 20. Nxc3 Rxd1+
21. Rxd1 Bb4 22. Nb1 Bc5 23. Nc3 g6 24. b3 Be7 25. Bf1 Bf6 26. Na4 Nd8 27. Be2
Nb7 28. Bf1 g5 29. Be2 h6 30. Kb1 Bf7 31. Kc1 h5 32. Bd3 Be6 33. Be2 Rh8 34.
Rh1 h4 35. e4 f4 36. f3 Bd7 37. Rd1 Be7 38. Nxb6 Be6 39. Na4 Nc5 40. Nxc5 Bxc5
41. Kb2 Rb8 42. a3 Bf2 43. b4 axb4 44. axb4 c5 45. b5 Ra8 46. Ra1 Rxa1 47. Kxa1
Kb6 48. Kb2 Ka5 49. Kb3 Bf7 50. Na3 Be3 51. Nb1 Bd4 52. Bd3 Be6 53. Na3 Bf7 54.
Nc2 Bf2 55. Na3 Bd4 1/2-1/2

[Event "EIWCC 2003"]
[Site "?"]
[Date "2003.06.13"]
[Round "11.55"]
[White "Mar, Karmen"]
[Black "Kopinits, Anna-Christina"]
[Result "1/2-1/2"]
[WhiteElo "2236"]
[BlackElo "2127"]
[PlyCount "39"]
[EventDate "2003.??.??"]

1. e4 Nf6 2. e5 Nd5 3. d4 d6 4. c4 Nb6 5. exd6 cxd6 6. Nc3 g6 7. Be3 Bg7 8. Rc1
O-O 9. b3 Bf5 10. Nf3 d5 11. c5 Nc8 12. b4 Nc6 13. a3 Bg4 14. Be2 Bxf3 15. Bxf3
e6 16. O-O N8e7 17. b5 Na5 18. Be2 Nf5 19. Qa4 b6 20. c6 1/2-1/2